[Event "GER-chT Federal Cup (Women)"]
[Site "Braunfels"]
[Date "2016.05.27"]
[Round "2.7"]
[White "Busch, Annette"]
[Black "Spiel, Marianne"]
[Result "0-1"]
[WhiteElo "1645"]
[BlackElo "1871"]
[PlyCount "80"]
[EventDate "2016.05.26"]
[EventType "team-swiss"]
[EventRounds "5"]
[EventCountry "GER"]
[SourceTitle "EXT 2019"]
[Source "ChessBase"]
[SourceDate "2018.10.10"]
[SourceVersion "1"]
[SourceVersionDate "2018.10.10"]
[SourceQuality "1"]
[WhiteTeam "Baden (W)"]
[BlackTeam "Bayern (W)"]
[WhiteTeamCountry "GER"]
[BlackTeamCountry "GER"]

1. d4 Nf6 2. Nf3 d5 3. Bf4 c6 4. c3 g6 5. Nbd2 Bg7 6. e3 0-0 7. Qb3 Nbd7 8. Be2 Re8 9. 0-0 Nh5 10. Bg3 Nxg3 11. hxg3 e5 12. dxe5 Nxe5 13. Rfe1 b5 14. Rad1 Qb6 15. Nxe5 Bxe5 16. Nf3 Bg7 17. Bd3 Bg4 18. Rc1 Bxf3 19. gxf3 Re6 20. Kg2 Rae8 21. Qc2 c5 22. Red1 a6 23. Bf1 Rd8 24. b3 Red6 25. Rd2 Qb7 26. Rcd1 Qe7 27. c4 bxc4 28. bxc4 d4 29. exd4 Bxd4 30. Re2 Qf6 31. Qa4 Kg7 32. Red2 Rb6 33. Bd3 Rdb8 34. Re2 Rb2 35. Rdd2 R2b4 36. Qd7 R4b7 37. Qg4 Bc3 38. Rc2 Rd8 39. Be4 Rb4 40. Bd5 Rxd5 0-1

[Event "BL2 Sued 1516 (Women)"]
[Site "Germany"]
[Date "2016.02.27"]
[Round "6.6"]
[White "Schott, Maria"]
[Black "Spiel, Marianne"]
[Result "1/2-1/2"]
[WhiteElo "1471"]
[BlackElo "1921"]
[PlyCount "73"]
[EventDate "2015.09.26"]
[EventType "team-tourn"]
[EventRounds "7"]
[EventCountry "GER"]
[SourceTitle "EXT 2017"]
[Source "ChessBase"]
[SourceDate "2016.10.25"]
[SourceVersion "1"]
[SourceVersionDate "2016.10.25"]
[SourceQuality "1"]
[WhiteTeam "Zeulenroda (W)"]
[BlackTeam "Muenchen Bayern (W)"]
[WhiteTeamCountry "GER"]
[BlackTeamCountry "GER"]

1. Nf3 Nf6 2. c4 e6 3. Nc3 d5 4. d4 c6 5. Bg5 Nbd7 6. e3 Bd6 7. Qc2 0-0 8. Bd3 h6 9. Bxf6 Nxf6 10. e4 dxe4 11. Nxe4 Nxe4 12. Bxe4 Bb4+ 13. Ke2 f5 14. Bd3 g5 15. h3 Qf6 16. Kf1 Rd8 17. Rd1 Kg7 18. Be2 Bd6 19. Nd2 Qxd4 20. Nb3 Qf6 21. Rg1 e5 22. f3 Be6 23. g4 fxg4 24. hxg4 Bf7 25. Kg2 Bc7 26. Nc5 b6 27. Ne4 Qe6 28. Rh1 Bg6 29. Bd3 Rd4 30. b3 Rad8 31. Nf2 c5 32. Ne4 Qd7 33. Be2 Qe6 34. Bd3 Qf7 35. Rhf1 Qf4 36. Qe2 Qf7 37. Qc2 1/2-1/2